| 000 | 00615nam a22001937a 4500 | ||
|---|---|---|---|
| 005 | 20180423145119.0 | ||
| 010 | _aENG-122566 | ||
| 020 |
_a9788183821964 _c195.00 |
||
| 035 | _aEN-106098 | ||
| 037 | _bDBAD/PUB | ||
| 082 | _a613.7046 | ||
| 100 | _a Sharma, Deepika M. | ||
| 245 |
_aComplete book of yoga / _cby Deepika M. Sharma [and] Rajeev Sharma |
||
| 260 |
_aNew Delhi _bLotus Press _c2017 |
||
| 270 |
_a4735/22, Prakash Deep Building, Ansari Road, Darya Ganj, _bNew Delhi _e110002 |
||
| 300 |
_a180p. _c20cm.(pbk) _bill. |
||
| 700 | _dSharma, Rajeev | ||
| 942 |
_2ddc _cEN _mSHA _h613.7046 |
||
| 999 |
_c151155 _d151155 |
||